Política cultural y educación.

Αποθηκεύτηκε σε:
Λεπτομέρειες βιβλιογραφικής εγγραφής
Κύριος συγγραφέας: Apple, Michael W. (autor)
Μορφή: Βιβλίο
Γλώσσα:Ισπανικά
Έκδοση:2a ed.
Θέματα:
Ετικέτες: Προσθήκη ετικέτας
Δεν υπάρχουν, Καταχωρήστε ετικέτα πρώτοι!

MARC

LEADER 00000nam^a2200000^u^4500
001 000504687
005 20250521000000.0
008 081013s1000^^^^^^^^^^^^r^^^^^000^0^spa^d
009 20260310125918.129
022 |a 8471124084 
035 |a FCE 000048892 
037 |a Acervo ITESO - Biblioteca 
041 |a spa 
082 0 4 |a 379.2  |b APPp 
100 |a Apple, Michael W.  |e (autor) 
245 1 0 |a Política cultural y educación. 
250 |a 2a ed. 
264 |a Madrid :  |b Morata,  |c 2001. 
300 |a 164 p. 
336 |a texto  |b txt  |2 rdacontenido 
337 |a sin mediación  |b n  |2 rdamedio 
338 |a volumen  |b nc  |2 rdasoporte 
649 |a XX 
650 |a Política cultural 
650 |a Educación pública 
650 |a Reforma curricular 
650 |a Educación y estado 
650 |a Estados Unidos 
910 |a Fondo Centro de Estudios Educativos 
920 |a Impresos - Libros 
930 |a Fondos Especiales 
905 |a 133 
901 |a ALE064375  |b IT2  |c CEE  |u 20250521 
902 |a https://opac.biblio.iteso.mx/vufind/Record/000504687